Pays ayant été colonisés par la France - Statistiques

Statistiques générales
  • Ce quiz a été pris 354 fois
    149 depuis la dernière actualisation
  • Le résultat moyen est 36 sur 67
Réponses sur la Carte
Les réponses sont colorées sur une échelle allant du rouge au vert en fonction du pourcentage des utilisateurs qui les ont devinées à leur premier essai. Vous pouvez retrouver ces pourcentages ci-dessous.
 
Statistiques - réponses
Réponse % Correct
Algérie
96%
Maroc
92%
Tunisie
91%
Canada
90%
États-Unis
84%
Mali
84%
Sénégal
83%
République démocratique du Congo
81%
République du Congo
81%
Niger
78%
Côte d'Ivoire
77%
Madagascar
77%
Togo
74%
Mauritanie
73%
Brésil
72%
Cameroun
72%
Inde
72%
Égypte
71%
Guinée
71%
Libye
71%
Tchad
70%
Vietnam
69%
Bénin
63%
France
63%
Soudan
63%
Burkina Faso
62%
Cambodge
62%
Nigéria
62%
Australie
60%
Haïti
60%
Chine
59%
Laos
59%
République Centrafricaine
59%
Gabon
55%
Comores
53%
Turquie
52%
Île Maurice
51%
Argentine
50%
Gambie
50%
Indonésie
50%
Guinée équatoriale
48%
Liban
47%
Suriname
47%
Guyana
46%
Afrique du Sud
45%
Djibouti
45%
Papouasie Nouvelle-Guinée
45%
Syrie
45%
Angola
41%
Cap-Vert
41%
Philippines
40%
Seychelles
40%
République dominicaine
37%
Sri Lanka
33%
Sao Tomé-et-Principe
29%
Dominique
28%
Tanzanie
28%
Sainte-Lucie
25%
Vanuatu
23%
Saint-Christophe-et-Niévès
22%
Taïwan
22%
Saint-Vincent-et-les-Grenadines
20%
Antigua-et-Barbuda
17%
Panama
17%
Grenade
16%
Salomon
15%
Trinité-et-Tobago
15%
Aucun quiz correspondant
Distribution des résultats
% des personnes avec chaque résultat
Percentile par nombre de réponses
Votre historique - résultats
Vous n’avez pas pris ce quiz depuis la dernière actualisation